Kreditné rozpätie

Na minha lista:
Detalhes bibliográficos
Autor principal: Kaderová, Andrea
Formato: Capítulo de Livro
Idioma:eslovaco
Assuntos:
Tags: Adicionar Tag
Sem tags, seja o primeiro a adicionar uma tag!

MARC

LEADER 00000naa$a2200000$$$4500
001 0078972
005 20240502071914.6
041 0 |a slo 
044 |a SK 
245 1 0 |a Kreditné rozpätie  |c Andrea Kaderová 
500 |a Abstrakt 
610 2 0 |a trh peňažný 
610 2 0 |a úver 
610 2 0 |a rozpätie úverové 
610 2 0 |a dlhopisy 
610 2 0 |a výnosy 
610 2 0 |a investovanie 
100 1 |a Kaderová, Andrea